000 00672nam a2200265Ia 4500
005 20260121173648.0
008 008 260114s9999 xx 000 0 eng d
020 _a9783319190211
037 _aEBOOK
040 _aCRL
040 _beng
040 _cCRL
041 _2eng
041 _aeng
084 _qCRL
100 _aApollo M. Nkwake
_91103650
245 0 _aCredibility Validity and Assumptions in Program Evaluation Methodology
260 _bSpringer
260 _bSpringer
260 _c2015
856 _uhttps://link.springer.com/openurl?genre=book&isbn=978-3-319-19021-1
942 _cEBOOK
999 _c1669398
_d1669398